Statistiques concernant Brassens - Chanson pour l'Auvergnat

Cliquez ici pour prendre le quiz!

Statistiques générales

  • Ce quiz a été pris 665 fois
  • Le résultat moyen est 89 sur 103

Statistiques - réponses

Paroles% Correct
A
100%
à
100%
l'
100%
t'
100%
Au
99%
au
99%
Auvergnat
99%
Auvergnat,
99%
Qu'
99%
qu'
99%
Toi
99%
toi,
99%
Toi,
99%
M'
98%
m'
98%
qui
98%
d'
96%
Ce
95%
de
95%
sans
95%
façon,
94%
il
94%
chanson,
93%
le
93%
ma
93%
Quand
93%
quand
93%
cette
92%
Elle
92%
est
92%
donné
91%
et
91%
Et
91%
la
91%
dans
90%
faisait
89%
froid,
89%
un
88%
vie,
88%
bois
87%
bois,
87%
n'
87%
les
85%
Les
85%
bouts
83%
feu
83%
était
81%
quatre
81%
du
78%
croquants,
77%
rien
77%
te
77%
tu
77%
avait
76%
Mais
76%
mon
76%
as
75%
emportera,
75%
croquantes
74%
gens
74%
bien
73%
corps,
73%
croqu'-mort
73%
Tous
73%
brûle
72%
encor'
72%
mourras,
72%
chauffé
71%
âme
70%
ciel,
70%
éternel.
70%
joi'.
70%
manièr'
70%
nez...
69%
porte
69%
travers
69%
fermé
68%
Père
68%
avaient
66%
intentionnés,
66%
conduise
60%

Distribution des résultats

Percentile par nombre de réponses

% des personnes avec chaque résultat

Votre développement - résultats

Vous n’avez pas pris ce quiz